Les chemins de la réussite en mathématique à l'élémentaire: La gestion mentale appliquée à l'enseignement des mathématiques

Kaydedildi:
Detaylı Bibliyografya
Yazar: Taurisson, Alain
Materyal Türü: Kitap
Dil:Undetermined
Baskı/Yayın Bilgisi: Québec, Canada ASMS 1995
Konular:
Etiketler: Etiketle
Etiket eklenmemiş, İlk siz ekleyin!
Thư viện lưu trữ: Trung tâm Học liệu Trường Đại học Cần Thơ
LEADER 00629nam a2200193Ia 4500
001 CTU_41112
008 210402s9999 xx 000 0 und d
082 |a 372.7 
082 |b T228 
100 |a Taurisson, Alain 
245 0 |a Les chemins de la réussite en mathématique à l'élémentaire: La gestion mentale appliquée à l'enseignement des mathématiques 
245 0 |c Alain Taurisson 
260 |a Québec, Canada 
260 |b ASMS 
260 |c 1995 
650 |a Mathematics 
650 |x Study and teaching ( elementary ) 
904 |i Minh, Hải 
980 |a Trung tâm Học liệu Trường Đại học Cần Thơ